Tests of life (Record no. 4547)

MARC details
000 -LEADER
fixed length control field 00744nam a2200265Ia 4500
001 - CONTROL NUMBER
control field 332
003 - CONTROL NUMBER IDENTIFIER
control field GBCCL
005 - DATE AND TIME OF LATEST TRANSACTION
control field 20241126110520.0
008 - FIXED-LENGTH DATA ELEMENTS--GENERAL INFORMATION
fixed length control field 811117s1957 xx 00010 eng d
020 ## - INTERNATIONAL STANDARD BOOK NUMBER
International Standard Book Number 0847404501
035 ## - SYSTEM CONTROL NUMBER
System control number OCM07934857 820116
040 ## - CATALOGING SOURCE
Original cataloging agency MSB
Transcribing agency MSB
Modifying agency LBB
049 ## -
-- LBBK
082 ## - DEWEY DECIMAL CLASSIFICATION NUMBER
Classification number 227.94
Item number EPP
092 ## - LOCALLY ASSIGNED DEWEY CALL NUMBER (OCLC)
Item number EPP
092 ## - LOCALLY ASSIGNED DEWEY CALL NUMBER (OCLC)
Classification number 227.9407
Item number E64
100 10 - MAIN ENTRY--PERSONAL NAME
Personal name Epp, Thedore H.
9 (RLIN) 8419
245 10 - TITLE STATEMENT
Title Tests of life
Remainder of title studies in the general epistles of John /
Statement of responsibility, etc. by Thedore H. Epp.
260 0# - PUBLICATION, DISTRIBUTION, ETC.
Place of publication, distribution, etc. Lincoln, Ne. :
Name of publisher, distributor, etc. Back to the Bible,
Date of publication, distribution, etc. 1957.
300 ## - PHYSICAL DESCRIPTION
Extent 126 p. ;
Dimensions 17 cm.
630 00 - SUBJECT ADDED ENTRY--UNIFORM TITLE
Uniform title Bible.
Name of part/section of a work N.T.
General subdivision I John.
9 (RLIN) 8420
630 00 - SUBJECT ADDED ENTRY--UNIFORM TITLE
Uniform title Bible.
Name of part/section of a work N.T.
General subdivision II John.
9 (RLIN) 8421
630 00 - SUBJECT ADDED ENTRY--UNIFORM TITLE
Uniform title Bible.
Name of part/section of a work N.T.
General subdivision III John.
9 (RLIN) 8422
942 ## - ADDED ENTRY ELEMENTS (KOHA)
Source of classification or shelving scheme Dewey Decimal Classification
Koha item type Books
Koha issues (borrowed), all copies 1
Holdings
Withdrawn status Lost status Source of classification or shelving scheme Damaged status Not for loan Home library Current Library Shelving location Date acquired Total checkouts Full call number Barcode Date last seen Date last checked out Copy number Price effective from Koha item type
    Dewey Decimal Classification     GRACE BIBLE COLLEGE GRACE BIBLE COLLEGE Biblical Studies 2018-01-24 2 227.94 EPP 005686 2025-05-01 2025-03-11 c.1 2018-01-24 Books
© Grace Bible College Library 2025